Anuario estadístico, 1966

Gorde:
Xehetasun bibliografikoak
Erakunde egilea: Costa Rica. Ministerio de Educación Pública
Formatua: Texto
Argitaratua: San José: MEP. Oficina de Planeamiento Integral de la Educación
Gaiak:
Etiketak: Etiketa erantsi
Etiketarik gabe, Izan zaitez lehena erregistro honi etiketa jartzen!

MARC

LEADER 00000 a a2200000 04500
001 17357
003
040
090 |a 020100  
110 |a Costa Rica. Ministerio de Educación Pública  
245 |a Anuario estadístico, 1966  
260 |a San José:   |b MEP. Oficina de Planeamiento Integral de la Educación  
300 |a 213 p.  
650 |a EDUCACION  
999 |c 10927  |d 10927